Where to hide a star / (Record no. 49721)
| 000 -LEADER | |
|---|---|
| fixed length control field | 02280nam a2200337 4500 |
| 020 ## - INTERNATIONAL STANDARD BOOK NUMBER | |
| International Standard Book Number | 9780008579685 |
| Qualifying information | (hardcover) |
| 035 ## - SYSTEM CONTROL NUMBER | |
| System control number | 23880306 |
| 035 ## - SYSTEM CONTROL NUMBER | |
| System control number | (OCoLC)1423043216 |
| 040 ## - CATALOGING SOURCE | |
| Original cataloging agency | YDX |
| Language of cataloging | eng |
| Description conventions | rda |
| Transcribing agency | YDX |
| Modifying agency | LIV |
| -- | OCO |
| -- | JAS |
| -- | OCLCO |
| -- | IUK |
| -- | IG# |
| -- | IUL |
| -- | ILC |
| -- | VP@ |
| -- | TOH |
| -- | CHILD |
| -- | DLC |
| 042 ## - AUTHENTICATION CODE | |
| Authentication code | lccopycat |
| 082 04 - DEWEY DECIMAL CLASSIFICATION NUMBER | |
| Classification number | 823/.92 |
| Edition number | 23 |
| 082 04 - DEWEY DECIMAL CLASSIFICATION NUMBER | |
| Classification number | [E] |
| Edition number | 23 |
| 084 ## - OTHER CLASSIFICATION NUMBER | |
| Classification number | I561.85 |
| Source of number | clc |
| 100 1# - MAIN ENTRY--PERSONAL NAME | |
| Personal name | Jeffers, Oliver, |
| Relator term | author, |
| -- | illustrator. |
| 9 (RLIN) | 32913 |
| 245 10 - TITLE STATEMENT | |
| Title | Where to hide a star / |
| Statement of responsibility, etc | Oliver Jeffers. |
| 260 ## - PUBLICATION, DISTRIBUTION, ETC. (IMPRINT) | |
| Name of publisher, distributor, etc | Philomel Books; |
| Date of publication, distribution, etc | October 8, 2024. |
| 300 ## - PHYSICAL DESCRIPTION | |
| Other physical details | color illustrations ; |
| Dimensions | 28 cm. |
| 500 ## - GENERAL NOTE | |
| General note | Celebrate twenty years of The Boy in this highly anticipated new adventure from the internationally bestselling picture book creator of Lost and Found, Oliver Jeffers!<br/><br/>Once there was a boy who would often play hide-and-seek with his friends the star and the penguin. The star was always easy to find, but one day it went missing. So, the boy radioed the Martian for help, and soon found himself on an exciting spaceship rescue mission to the North Pole! But there, he discovered that he wasn’t the only one who had always dreamed of having a star as a friend . . .<br/><br/>The out-of-this-world, long-awaited sequel to the much-loved Boy stories, loved all around the world—now introducing a brand-new character!<br/> |
| 520 ## - SUMMARY, ETC. | |
| Summary, etc | Once there was a boy who would often play hide-and-seek with his friends the star and the penguin. The star was always easy to find, but one day it went missing. So, the boy radioed the Martian for help, and soon found himself on an exciting spaceship rescue mission to the North Pole! But there, he discovered that he wasn't the only one who had always dreamed of having a star as a friend . . . |
| 650 ## - SUBJECT ADDED ENTRY--TOPICAL TERM | |
| Topical term or geographic name as entry element | Friendship |
| Form subdivision | Juvenile fiction. |
| 650 #0 - SUBJECT ADDED ENTRY--TOPICAL TERM | |
| Topical term or geographic name as entry element | Hide-and-seek |
| Form subdivision | Juvenile fiction. |
| 9 (RLIN) | 63416 |
| 650 ## - SUBJECT ADDED ENTRY--TOPICAL TERM | |
| Topical term or geographic name as entry element | Penguins |
| Form subdivision | Juvenile fiction. |
| 9 (RLIN) | 52987 |
| 650 ## - SUBJECT ADDED ENTRY--TOPICAL TERM | |
| Topical term or geographic name as entry element | Stars |
| Form subdivision | Juvenile fiction. |
| 9 (RLIN) | 78671 |
| 650 #0 - SUBJECT ADDED ENTRY--TOPICAL TERM | |
| Topical term or geographic name as entry element | Extraterrestrial beings |
| Form subdivision | Juvenile fiction. |
| 650 #7 - SUBJECT ADDED ENTRY--TOPICAL TERM | |
| Topical term or geographic name as entry element | JUVENILE FICTION / People & Places / Polar Regions. |
| 9 (RLIN) | 86835 |
| 650 ## - SUBJECT ADDED ENTRY--TOPICAL TERM | |
| Topical term or geographic name as entry element | JUVENILE FICTION / Action & Adventure / General. |
| 9 (RLIN) | 53534 |
| 655 #7 - INDEX TERM--GENRE/FORM | |
| Genre/form data or focus term | Picture books. |
| Source of term | lcgft |
| 9 (RLIN) | 53881 |
| 655 #7 - INDEX TERM--GENRE/FORM | |
| Genre/form data or focus term | Fiction. |
| Source of term | lcgft |
| 9 (RLIN) | 52739 |
| 655 #7 - INDEX TERM--GENRE/FORM | |
| Genre/form data or focus term | Fiction. |
| Source of term | lcgft |
| 9 (RLIN) | 52739 |
| 942 ## - ADDED ENTRY ELEMENTS (KOHA) | |
| Source of classification or shelving scheme | |
| Koha item type | Book |
| Withdrawn status | Lost status | Source of classification or shelving scheme | Damaged status | Not for loan | Home library | Current library | Date acquired | Total Checkouts | Full call number | Barcode | Checked out | Date last seen | Date checked out | Price effective from | Koha item type |
|---|---|---|---|---|---|---|---|---|---|---|---|---|---|---|---|
| Logos International School | Logos International School | 11/11/2025 | 4 | E JEF | 041926 | 05/08/2026 | 04/30/2026 | 04/30/2026 | 11/11/2025 | Book |